Pays avec le meilleur classement FIFA de A à Z - Statistiques

Statistiques générales
  • Ce quiz a été pris 2 965 fois
    1 323 depuis la dernière actualisation
  • Le résultat moyen est 15 sur 24
Statistiques - réponses
Lettre Classement mondial Pays % Correct
A 1 Argentine
97%
F 2 France
97%
B 5 Brésil
94%
E 3 Espagne
93%
D 21 Danemark
86%
I 10 Italie
85%
H 31 Hongrie
75%
U 11 Uruguay
73%
Y 156 Yémen
70%
Q 34 Qatar
67%
Z 92 Zambie
67%
J 18 Japon
66%
M 14 Maroc
61%
V 37 Venezuela
61%
C 9 Colombie
59%
R 33 Russie
57%
S 15 Suisse
56%
P 7 Pays-Bas
53%
T 26 Turquie
52%
G 54 Grèce
47%
O 76 Oman
45%
N 39 Nigeria
31%
K 102 Kirghizistan
28%
L 84 Luxembourg
23%
Aucun quiz correspondant
Distribution des résultats
% des personnes avec chaque résultat
Percentile par nombre de réponses
Votre historique - résultats
Vous n’avez pas pris ce quiz depuis la dernière actualisation